| 000 | 00790nam a2200265 a 4500 | ||
|---|---|---|---|
| 008 | |||
| 020 | _a0395660114 (cased) | ||
| 049 | _aMAIN | ||
| 090 | _aJK274 | ||
| 100 | 1 | _aJanida, Kenneth | |
| 245 | 1 | 0 |
_aThe Challenge of democracy : _bGovernment in America / _cKenneth Janda, Jeffrey M. Berry, Jerry, Goldman. |
| 260 |
_aDallas : _bHoughton, _c1993 |
||
| 300 | _a3rd ed. | ||
| 300 |
_a759 p. : _bcol. ill. ; _c26 cm |
||
| 504 | _aIncludes bibliographical references. | ||
| 500 | _aIncludes index. | ||
| 650 |
_aDemocracy _zUnited States. |
||
| 700 | _aGoldman, Jerry | ||
| 700 | _aBerry, Jeffrey M. | ||
| 907 |
_a.b10131267 _b29-09-05 _c20-07-04 |
||
| 003 | |||
| 005 | 20230123133758.0 | ||
| 040 | _cNUST | ||
| 942 |
_cBOOKS _kJK274 |
||
| 999 |
_c154493 _d154493 |
||